LEADER 01549nam2-2200409li-450 001 990000212700203316 005 20180312154738.0 010 $a3-540-55651-6 035 $a0021270 035 $aUSA010021270 035 $a(ALEPH)000021270USA01 035 $a0021270 100 $a20001109d1992----km-y0itay0103----ba 101 0 $aeng 102 $aGW 200 1 $aCoding theory and algebraic geometry$eproceedings of the internatioanal workshop, held in Luminy, France, June 17-21, 1991$fH. Stichtenoth ... [et al.] (eds.) 210 $aBerlin [etc.]$cSpringer-Verlag$dcopyr. 1992 215 $aVIII, 223 p.$cill.$d25 cm 225 2 $aLecture notes in mathematics$v1518 410 0$10010021263$12001$aLecture notes in mathematics$ea collection of informal reports and seminars$fedited by A. Dold, Heidelberg and B. Eckmann, Zürich 610 1 $acongressi$aluminy$a1991 610 1 $ageometria algebrica$acongressi$a1991 610 1 $ateoria della codificazione$acongressi$a1991 676 $a51635$9Geometria algebrica 702 1$aStichtenoth,$bHenning 801 $aSistema bibliotecario di Ateneo dell' Università di Salerno$gRICA 912 $a990000212700203316 951 $a510 LNM (1518)$b0014547 CBS$c510$d00110490 959 $aBK 969 $aSCI 979 $c19920202 979 $c20001110$lUSA01$h1714 979 $aALANDI$b90$c20011203$lUSA01$h1459 979 $c20020403$lUSA01$h1629 979 $aPATRY$b90$c20040406$lUSA01$h1615 996 $aCoding theory and algebraic geometry$9262348 997 $aUNISA